000 00329nam a2200133Ia 4500
008 240624s9999 xx 000 0 und d
041 _aeng
082 _a299.514 TOW
100 _aTOWLER SOLALA
245 _aTALES FROM THE TAO THE WISDOM OF THE TAO
260 _c2005
_aUSA
_bwatkins
300 _a191p. ;23cm.
365 _c
_b33
999 _c32767
_d32767